000 01487cam a2200349 ib4500
001 2580831
003 EG-ScBUE
005 20250720115130.0
008 960916t1997 nyua f b 001 0 eng d
020 _a047130400X (pt. A : acidfree paper)
020 _a9780471304005 (pt. A)
040 _aEG-ScBUE
_beng
_erda
_cEG-ScBUE
_dEG-ScBUE
082 0 4 _a540.153011
_222
_bBAL
100 1 _aBalasubramanian, Krishnan,
_d1956-
_97433
_eauthor.
245 1 0 _aRelativistic effects in chemistry.
_npart A.,
_pTheory and techniques /
_cKrishnan Balasubramanian, Department of Chemistry and Biochemistry, Arizona State University, Temp, Arizona.
246 3 0 _aTheory and techniques
264 1 _aNew York :
_bJohn Wiley & Sons, INC.,
_c[1997]
264 4 _cc1997
300 _axiii, 301 pages :
_billustrations ;
_c25 cm
336 _2rdacontent
_atext
_btxt
337 _aunmediated
_2rdamedia
_bn
338 _avolume
_bnc
_2rdacarrier
500 _a"A Wiley-Interscience publication."
504 _aIncludes bibliographical references and index.
650 7 _aQuantum chemistry.
_97434
_2BUEsh
650 7 _aRelativistic quantum theory.
_97435
_2BUEsh
655 _vReading book
856 4 2 _3Contributor biographical information
_uhttp://www.loc.gov/catdir/bios/wiley041/96036641.html
856 4 2 _3Publisher description
_uhttp://www.loc.gov/catdir/description/wiley031/96036641.html
856 4 1 _3Table of contents
_uhttp://www.loc.gov/catdir/toc/wiley022/96036641.html
942 _2ddc
_cBB
999 _c12168
_d12168